000 00642nam a2200217 a 4500
005 20230203063704.0
008 031204s2003 mx r 000 0 spa d
020 _a8483166488
035 _aUPN01000131090
049 _aCG
050 4 _aBF378
_bP8.6
100 1 _aPuig, Anna
245 1 0 _aPrograma de entrenamiento de la memoria :
_bdirigido a personas mayores que deseen mejorar su memoria /
_cAnna Puig.
260 _aAlcalá, Madrid :
_bCCS,
_c2003.
300 _a264 p. :
_bil.
440 0 _aEscuela de animación ;
_v41
650 4 _aMemoria
_95324
650 4 _aMEMORIA VISUAL
650 4 _aMEMORIZACION
_921706
905 _aLibro
999 _c103245
_d103245